1435 1557 1145 1190 1814 1841 1063 1716 1933 1899 1064 1795 1603 1298 1143 1804 2000 1284 1585 1662 1168 1254 1379 1489 1927 1440 1448 1956 1074 1215 1134 1797 1380 1279 1556 1364 1443 1955 1587 1133 1832 1505 1809 1330 1713 1101 1565 1981 1979 1911 1199 1258 1892 1465 1657 1994 1172 1768 1958 1865 1643 1517 1865 1152 1756 1378 1336 1599 1849 1708 1662 1993 1199 1815 1858 1828 1646 1707 1842 1354 1922 1553 1367 1486 1214 1721 1896 1710 1474 1251 1204 1832 1423 1361 1397 1861 1447 1577 1565 BCNSPRNW ULIB Ver.6.0+V

เปลี่ยนเป็นภาษาไทย

Change to English
 แสดงรายละเอียดบรรณานุกรม
  กลับหน้าหลัก

Brief Record : Get Marc (ISO 2709) : E-mail record : QR code < ปิดหน้าต่าง
LEADER : 00000nam 2200000uu 4500
001    13399123220
003     ULIB
008    140715s2555||||th 000 0 tha d
020    ^a9786167323695
060  4 ^aWK815^bอ494ง
100    อังศุมาลิน มั่งคั่ง และคนอื่นๆ
245    ^aงานวิจัยการดูแลผู้ป่วยโรคเบาหวาน ^nR2R Diabetic Care/^cวีระวัฒน์ พันธุ์ครุฑ รัชนีวัลย์ สมจิตรานุกิจ, บรรณาธิการ
260    ^aกรุงเทพมหานคร :^bศรีเมืองการพิมพ์,^c2555.
300    ^a167 หน้า
650    ^aการดูแลผู้ป่วยโรคเบาหวาน^xงานวิจัย
650  0 โรคเบาหวาน
700 0  วีระวัฒน์ พันธุ์ครุฑ, บรรณาธิการ
700 0  รัชนีวัลย์ สมจิตรานุกิจ, บรรณาธิการ
710 1  สปสช. สำนักงานหลักประกันสุขภาพแห่งชาติ
945    ^p0^l0^i034510
945    ^p0^l0^i034511
945    ^p0^l0^i034512
945    ^p0^l0^i034513
945    ^p0^l0^i034514
999    ^aเกษร โพธิ์สุวรรณ
รายการนี้ยังไม่มีแท็ก
คุณยังไม่ได้ล็อกอิน คุณสามารถมีกิจกรรมร่วมกับเว็บไซต์ได้ แต่ต้องล็อกอินก่อน ::
  ล็อกอิน

รายการสื่อสารสนเทศ

ลำดับที่ ประเภท เลขเรียก/บาร์โค้ด สถานที่ สถานะ
1. วิทยาศาสตร์การแพทย์ และสุขภาพ
หนังสือสำรอง
สถานะ=หนังสือสำรอง
WK815 อ494ง ฉ.1 
  Barcode: 034510
ห้องสมุดวิทยาเขตสวรรค์ประชารักษ์
►ส่วนจัดเก็บหนังสือเก่า สปร
บนชั้น
  ขอยืม
Note:อภินันทนาการ
2. วิทยาศาสตร์การแพทย์ และสุขภาพ
วิทยาศาสตร์การแพทย์ และสุขภาพ
WK815 อ494ง ฉ.2 
  Barcode: 034511
ห้องสมุดวิทยาเขตสวรรค์ประชารักษ์
►ส่วนจัดเก็บหนังสือเก่า สปร
บนชั้น
  ขอยืม
Note:อภินันทนาการ
3. วิทยาศาสตร์การแพทย์ และสุขภาพ
วิทยาศาสตร์การแพทย์ และสุขภาพ
WK815 อ494ง ฉ.3 
  Barcode: 034512
ห้องสมุดวิทยาเขตสวรรค์ประชารักษ์
►หนังสือทั่วไป
ถูกยืม กำหนดส่งวันที่ 8 พฤษภาคม 2568
  จอง
Note:อภินันทนาการ
4. วิทยาศาสตร์การแพทย์ และสุขภาพ
วิทยาศาสตร์การแพทย์ และสุขภาพ
WK815 อ494ง ฉ.4 
  Barcode: 034513
ห้องสมุดวิทยาเขตสวรรค์ประชารักษ์
►ส่วนจัดเก็บหนังสือเก่า สปร
บนชั้น
  ขอยืม
Note:อภินันทนาการ
5. วิทยาศาสตร์การแพทย์ และสุขภาพ
วิทยาศาสตร์การแพทย์ และสุขภาพ
WK815 อ494ง ฉ.5 
  Barcode: 034514
ห้องสมุดวิทยาเขตสวรรค์ประชารักษ์
►ส่วนจัดเก็บหนังสือเก่า สปร
บนชั้น
  ขอยืม
Note:อภินันทนาการ

รายการใกล้เคียง
    หัวเรื่อง [โรคเบาหวาน]

BibComment


ยังไม่เคยถูกคอมเมนท์

คอมเมนท์ทรัพยากรรายการนี้
  คอมเมนท์: งานวิจัยการดูแลผ..


 Copyright 2026. Bcnsprnw @Library